02429cam a22005174i 4500003000900000005001700009008004100026035002000067040003300087049000900120082002400129130004300153212002300196245019700219264004900416300004800465336002100513337002500534338002300559500002000582505006100602526001000663526001000673526001000683526001000693526000800703526000800711526000800719526000800727526000800735526000800743526000800751630004300759630004500802710002800847910000800875942001400883949013500897949012801032949013501160980005801295999002101353952018901374952018001563952016801743PE-LiUPU20250825160026.0150617s1967 nyu r 000 0 eng d a(Sirsi) a10630; aPE-LiUPUbspacPE-LiUPUerda aPRUA04a220.52032bH761221 aBiblia.lInglés.sAutorizada.f1967. aBiblia: King James14aThe Holy Bible, containing the Old and New Testaments. King James version, 1611. /cTraducido de las lenguas originales y con las traducciones anteriores comparadas y revisadas diligentemente. 1aNew York :bAmerican Bible Society,c[1967]. a1094 páginas en color ;c22 centímetros atext2rdacontent aunmediated2rdamedia avolume2rdacarrier aVersión 1611.0 aThe books of old testament -- The book of new testament. aSEG42 aSEG41 aSEG40 aSEG39 aP94 aP87 aP86 aP85 aP77 aP76 aP3514aBiblia.lInglés.sKing James.f1967. 0aBiblia.92418vTraducciones al inglés.2 aAmerican Bible Society. ajck 2ddccBOOK a220.4 K56 IngleswDEWEYc1i10594lCCODEBUL1mBULp20.00r0sYtBOOKu2015-04-21xTEOLOGIA0COMPRAo.STAFF. Colección Teología a220.4 K56wDEWEYc2i10597lCCODEBUL1mBULp20.00r0sYtBOOKu2015-04-21xTEOLOGIA0COMPRAo.STAFF. Colección Teología a220.4 K56 IngleswDEWEYc3i10595lCCODEBUL1mBULp20.00r0sYtBOOKu2015-04-21xTEOLOGIA0COMPRAo.STAFF. Colección Teología 818226gJaime Vilcazán Jefe de Análisis Documental c699 | 2 | 3d699 r2026-04-29 18:32:59i6l6o220.52032 H761p10594s2026-04-29te1v25.00w2015-04-21xFACTEOyBKzinventario-2023-12-13102ddc50708GENfP35aBULbBULcGENd2015-04-21eCOMPRAg20.00 r2025-12-02 00:00:00i6l1o220.4 K56p10597s2018-04-04te2v25.00w2015-04-21xFTyBKzinventario-2023-12-13102ddc50708GENfP35aBULbBULcGENd2015-04-21eCOMPRAg20.00 r2025-12-02 00:00:00i6l0o220.4 K56p10595te3v25.00w2015-04-21xFTyBKzinventario-2023-12-13102ddc50708GENfP35aBULbBULcGENd2015-04-21eCOMPRAg20.00